000 00265nam a22001217a 4500
008 180214b xxu||||| |||| 00| 0 eng d
041 _aeng
080 _a316
100 _a52
101 _aSOC
245 _aSociological methodology
_cBlackwell,B
942 _2udc
_cBK
999 _c42479
_d42479